000 00726nam a2200265Ia 4500
005 20260121165629.0
008 008 260114s9999 xx 000 0 eng d
020 _a9783662492475
037 _aEBOOK
040 _aCRL
040 _beng
040 _cCRL
041 _2eng
041 _aeng
084 _qCRL
100 _aMarina L. Gavrilova, C.J. Kenneth Tan, Andrés Iglesias, Mikio Shinya, Akemi Galvez, Alexei Sourin
_91054099
245 0 _aTransactions on Computational Science XXVI
260 _bSpringer
260 _bSpringer
260 _c2016
856 _uhttps://link.springer.com/openurl?genre=book&isbn=978-3-662-49247-5
942 _cEBOOK
999 _c1619825
_d1619825